Michael Graf Matuschka (1888-1944)

Titel: Michael Graf Matuschka (1888-1944)
Verfasser:
In: Schlesische Kirche in Lebensbildern ; 7, (2006), Seite 211-215, Abb.
alle Artikel anzeigen
Veröffentlicht: 2006
Format: Aufsatz
Sprache: Deutsch
Schlagworte:
Kein Bild verfügbar
X
alg: 39217069
001A    $01999:11-11-16 
001B    $03025:30-09-25 $t08:52:45.000 
001D    $01999:11-11-16 
001U    $0utf8 
001X    $00 
002@    $0Aox 
003@    $0392170698 
007A    $0392170698 $aHEB 
007T    $0Herdc0026205m 
010@    $ager 
011@    $a2006 
021A    $aMichael Graf Matuschka (1888-1944) 
028A    $7118832476 $8Abmeier, Hans-Ludwig$Z1927- [Tp1] $908717300X 
031A    $h211-215, Abb. $j2006 
039B    $aIn $8--Afu--. Schlesische Kirche in Lebensbildern ; 7. - Breslau, 2006. - 422 S.. - Ill.. - ISBN 3-402-02491-8 $x200600000000000789 $9180875841 
044K    $#Matuschka, Michael, Graf von $#Graf von Matuschka, Michael $71123216592 $8Matuschka, Michael$cvon$Z1888-1944 [Tp1] $9398194130 
045F    $a929.094385 $eDDC23BSB 
045F/01 $a929 
045F/03 $g4385 

lok: 39217069 78

exp: 39217069 78 1 #EPN
201B/01 $019-04-17 $t11:04:00.000 
201U/01 $0utf8 
203@/01 $0788266853 
208@/01 $a11-11-16 $be 
209A/01 $a/ $f000 $x00 
220C/01 $aTitelaufnehmer: pg;an 
244Z/01 $2Trx $#Silesia $#Śląsk $#Sliezsko $#Slezsko $8--Trx--Schlesien $x01 $9391173987 
244Z/01 $aGeschichte 1888-1944 $x02 
244Z/01 $2Trx $8--Trx--Matuschka, Michael Graf von$Z1888-1944 $x03 $9390949205 
244Z/01 $2Trx $#maavanemad $#landratai $#district chairmen $#kerületi elnökök $#landraci $#landrati krajinskí úradníci v Prusku $#landráti krajští úředníci v Prusku $8--Trx--Landräte $x04 $9391359363 
244Z/01 $2Trx $#valitsus, riiklik $#valstybės valdymas $#Administration, state $#közigazgatás, állami $#administracja państwowa $#správa štátna $#správa státní $#Kreise $#Regierungsbezirke $#Wojewodschaften $#powiaty $#województwa $#gminy $#okresy $#vládne obvody $8--Trx--Verwaltung, staatliche $x05 $9391356488 
244Z/01 $2Trx $8--Trx--Lexikonartikel $x06 $9391384562 
244Z/01 $2Trx $#biograafiad $#biografijos $#biography $#életrajzok $#biografia $#biografie $#biografie $8--Trx--Biographie $x07 $9391352938 
245Z/01 $a12.03 $x01 
247C/01 $82080>Marburg/Lahn, Herder-Institut, Forschungsbibliothek, Bibliographieportal $9336309341
LEADER 00000caa a22000002c 4500
001 392170698
003 DE-603
005 20250930085245.0
007 tu
008 161111s2006 xx |||| | u00||u|ger c
035 |a (DE-599)HEB392170698 
040 |a DE-603  |b ger  |c DE-603  |d DE-603 
041 |a ger 
082 0 4 |8 1\u  |a 929.094385  |q DE-101  |2 23/BSB 
085 |8 1\u  |b 929 
085 |8 1\u  |z 2  |s 4385 
100 1 |a Abmeier, Hans-Ludwig  |d 1927-  |0 (DE-603)08717300X  |0 (DE-588)118832476  |2 gnd 
245 0 0 |a Michael Graf Matuschka (1888-1944) 
264 0 |c 2006 
600 1 7 |a Matuschka, Michael von  |d 1888-1944  |0 (DE-588)1123216592  |0 (DE-603)398194130  |2 gnd 
773 0 8 |i In  |t Schlesische Kirche in Lebensbildern ; 7  |d Breslau, 2006  |h 422 S., Ill.  |z 3402024918  |g (2006), Seite 211-215, Abb.  |w (DE-603)180875841 
924 0 |9 2080  |a (DE-603)788266853  |b DE-2080  |c HES  |d d  |g /